<?xml version="1.0" encoding="UTF-8"?><?xml-stylesheet type="text/xsl" href="static/style.xsl"?><OAI-PMH xmlns="http://www.openarchives.org/OAI/2.0/" xmlns:xsi="http://www.w3.org/2001/XMLSchema-instance" xsi:schemaLocation="http://www.openarchives.org/OAI/2.0/ http://www.openarchives.org/OAI/2.0/OAI-PMH.xsd"><responseDate>2026-04-17T01:44:50Z</responseDate><request verb="GetRecord" identifier="oai:www.recercat.cat:2072/302441" metadataPrefix="marc">https://recercat.cat/oai/request</request><GetRecord><record><header><identifier>oai:recercat.cat:2072/302441</identifier><datestamp>2026-01-30T10:57:34Z</datestamp><setSpec>com_2072_220028</setSpec><setSpec>com_2072_4427</setSpec><setSpec>col_2072_220407</setSpec></header><metadata><record xmlns="http://www.loc.gov/MARC21/slim" xmlns:dcterms="http://purl.org/dc/terms/" xmlns:xsi="http://www.w3.org/2001/XMLSchema-instance" xmlns:doc="http://www.lyncode.com/xoai" xsi:schemaLocation="http://www.loc.gov/MARC21/slim http://www.loc.gov/standards/marcxml/schema/MARC21slim.xsd">
   <leader>00925njm 22002777a 4500</leader>
   <datafield ind2=" " ind1=" " tag="042">
      <subfield code="a">dc</subfield>
   </datafield>
   <datafield ind2=" " ind1=" " tag="720">
      <subfield code="a">Ruiz Rodríguez, Julio César</subfield>
      <subfield code="e">author</subfield>
   </datafield>
   <datafield ind2=" " ind1=" " tag="260">
      <subfield code="c">2017</subfield>
   </datafield>
   <datafield ind2=" " ind1=" " tag="520">
      <subfield code="a">Se presenta una síntesis sobre el culto a Minerva en Tarraco a través de los testimonios arqueológicos disponibles. Se tienen en cuenta preferentemente las inscripciones por la riqueza informativa que aportan, pero también se examinan las evidencias escultóricas y la documentación arquitectónica relacionada con santuarios consagrados a la divinidad. Es notable el elevado número de evidencias relacionadas con Minerva en esta ciudad –contando especialmente con un nutrido conjunto epigráfico– destacando la variedad de grupos sociales adeptos de esta divinidad. Tarraco representa la ciudad hispanorromana de donde procede un mayor número de testimonios relacionados con el culto a Minerva, como consecuencia de tres factores principales: la llegada de soldados para la conquista de Hispania y su posterior establecimiento en la ciudad para gestiones relacionadas con el officium del gobernador provincial, el carácter estatal y capitolino de la diosa, y el esplendor de las artes y los oficios en el siglo II d.C.</subfield>
   </datafield>
   <datafield ind2=" " ind1=" " tag="520">
      <subfield code="a">A synthesis on the cult of Minerva in Tarraco through archaeological evidence is presented. Inscriptions are taken into account especially due to the amount of information they provide – the high number of epigraphic evidences relating to  Minerva  in  this  city  is  remarkable.  However,  sculptures  and  architectural  documentation related to sanctuaries are also examined. It stands out above all the variety of social groups worshipping to this female divinity. Tarraco is the city of Hispania where comes from a greater number of testimonies related to the cult of Minerva, as a result of three main factors: the arrival of soldiers for the conquest of Hispania and their later settlement in the city for efforts related to the officium of the provincial Governor, the capitoline and public character of the goddess, and the splendor of the arts and crafts in the 2nd century AD.</subfield>
   </datafield>
   <datafield ind1="8" ind2=" " tag="024">
      <subfield code="a">Ruiz Rodríguez, J.C. (2017) "El culto a Minerva en Tarraco", Espacio, Tiempo y Forma. Serie II, Historia Antigua, 30, p. 323-350</subfield>
   </datafield>
   <datafield ind1="8" ind2=" " tag="024">
      <subfield code="a">http://hdl.handle.net/2072/302441</subfield>
   </datafield>
   <datafield ind1="8" ind2=" " tag="024">
      <subfield code="a">https://doi.org/10.5944/etfii.30.2017.19330</subfield>
   </datafield>
   <datafield ind2="0" ind1="0" tag="245">
      <subfield code="a">El culto a Minerva en Tarraco</subfield>
   </datafield>
</record></metadata></record></GetRecord></OAI-PMH>